00476pam a2200145 a 4500020000500000041000500005082001600010100002500026245004400051260003300095300001700128930000900145999001900154952015700173 c h a676.32bRLI aMethods De pliage . aHow to fold with CDhTextual Documents aBombay:bTara[irwala,c2002. a407:bpaper. a4520 c238310d238310 001040708Text BooksaFAPbFAPd2008-08-28eBhararti Sahakari Grahak Bhandarg1128.00l0o676.32 RLIpFAP-4506r2023-03-07 00:00:00t1w2023-03-07yBK